[Event "Istanbul Open 2017"]
[Site "Istanbul"]
[Date "2017.09.12"]
[Round "3"]
[White "Satici, Aydin"]
[Black "Kabadayi, Suleyman Arda"]
[Result "0-1"]
[WhiteElo "1726"]
[BlackElo "1579"]
[Annotator "NA RC"]
[PlyCount "108"]
[EventDate "2017.??.??"]
[EventType "swiss"]
[EventCountry "TUR"]
[SourceTitle "playchess.com"]
[Source "ChessBase"]
[SourceQuality "1"]
[TimeControl "5400+30"]

1. c4 e5 2. g3 Nf6 3. Bg2 d5 4. cxd5 Nxd5 5. Nc3 Nb6 6. Nf3 Nc6 7. O-O Be7 8. a3 O-O 9. b4 a6 10. d3 Re8 11. Bb2 Bf8 12. Rc1 Bg4 13. Ne4 Qd7 14. Nc5 Bxc5 15. Rxc5 f6 16. Qb3+ Be6 17. Qc2 Bd5 18. e4 Bf7 19. Rd1 Rac8 20. d4 Red8 21. d5 Ne7 {[%emt 1:07:00]} 22. Rc3 {[%emt 0:48:00]} Bg6 {[%emt 0:12:30]} 23. Re3 {[%emt 0:06:30]} Qd6 {[%emt 0:05:11]} 24. Nh4 {[%emt 0:04:30]} Be8 {[%emt 0:02:03]} 25. Rc1 {[%emt 0:01:30]} c6 {[%emt 0:00:57]} 26. Bh3 {[%emt 0:03:30]} Bd7 {[%emt 0:02:31]} 27. Bxd7 {[%emt 0:00:30]} Rxd7 {[%emt 0:01:49]} 28. dxc6 {[%emt 0:01:30]} Rxc6 {[%emt 0:01:39]} 29. Qb3+ {[%emt 0:01:30]} Kf8 {[%emt 0:00:31]} 30. Ree1 {[%emt 0:07:30]} Qd3 {[%emt 0:04:45]} 31. Qxd3 {[%emt 0:06:30]} Rxd3 {[%emt 0:00:05]} 32. Rxc6 {[%emt 0:06:24]} Nxc6 {[%emt 0:00:05]} 33. Re3 {[%emt 0:01:27]} Rxe3 {[%emt 0:01:01]} 34. fxe3 {[%emt 0:00:02]} Nc4 {[%emt 0:00:18]} 35. Bc1 {[%emt 0:00:18]} a5 {[%emt 0:01:34]} 36. b5 {[%emt 0:00:54]} Na7 {[%emt 0:00:50]} 37. a4 {[%emt 0:00:33]} Nc8 {[%emt 0:00:33]} 38. Nf3 {[%emt 0:02:36]} N8b6 {[%emt 0:01:09]} 39. Nd2 {[%emt 0:00:24]} Nxe3 {[%emt 0:01:22]} 40. Nb3 {[%emt 0:02:31]} Nec4 {[%emt 0:01:22]} 41. Nc5 {[%emt 0:00:42]} Ke7 {[%emt 0:02:29]} 42. Kf2 {[%emt 0:02:33]} Nd6 {[%emt 0:00:58]} 43. Bd2 {[%emt 0:01:21]} Nbc4 {[%emt 0:00:39]} 44. Be1 {[%emt 0:06:01]} b6 {[%emt 0:00:22]} 45. Nb3 {[%emt 0:01:04]} Nxe4+ {[%emt 0:00:19]} 46. Kf3 {[%emt 0:00:36]} Ned6 {[%emt 0:00:37]} 47. Bf2 {[%emt 0:00:48]} e4+ {[%emt 0:00:41]} 48. Ke2 {[%emt 0:00:19]} e3 {[%emt 0:00:37]} 49. Bxe3 {[%emt 0:00:27]} Nxe3 {[%emt 0:00:01]} 50. Kxe3 {[%emt 0:00:02]} Nc4+ {[%emt 0:00:26]} 51. Kd4 {[%emt 0:00:39]} Nb2 {[%emt 0:00:27]} 52. Kd5 {[%emt 0:00:41]} Kd7 {[%emt 0:00:21]} 53. Nd2 {[%emt 0:00:46]} Nxa4 {[%emt 0:00:22]} 54. Nc4 {[%emt 0:01:03]} Nc3+ {[%emt 0:00:25]} 0-1

[Event "Istanbul Open 2017"]
[Site "Istanbul"]
[Date "2017.09.12"]
[Round "3"]
[White "Gencer, Aybars"]
[Black "Sulak, Yusuf"]
[Result "0-1"]
[WhiteElo "1710"]
[BlackElo "1636"]
[Annotator "NA RC"]
[PlyCount "43"]
[EventDate "2017.??.??"]
[EventType "swiss"]
[EventCountry "TUR"]
[SourceTitle "playchess.com"]
[Source "ChessBase"]
[SourceQuality "1"]
[TimeControl "5400+30"]

1. d4 d5 2. Nf3 Nf6 3. c4 e6 4. Nc3 c5 5. cxd5 exd5 6. Bg5 Be6 7. e3 Nbd7 8. dxc5 Bxc5 9. Nd4 Qb6 10. Qd2 Ne4 11. Nxe4 dxe4 12. a3 Bxd4 13. Qxd4 Qa5+ {[%emt 1:09:00]} 14. Qb4 {[%emt 0:44:00]} Qxg5 {[%emt 0:00:30]} 15. Qxb7 {[%emt 0:00:00]} O-O {[%emt 0:02:30]} 16. Qxe4 {[%emt 0:00:00]} Nc5 {[%emt 0:01:30]} 17. Qc2 {[%emt 0:02:30]} Nb3 {[%emt 0:00:30]} 18. Rd1 {[%emt 0:00:00]} Rac8 {[%emt 0:01:30]} 19. Qb1 {[%emt 0:00:00]} Qa5+ {[%emt 0:02:30]} 20. Ke2 {[%emt 0:00:30]} Bc4+ {[%emt 0:01:30]} 21. Kf3 {[%emt 0:00:00]} Nd2+ {[%emt 0:00:30]} 22. Kf4 {[%emt 0:00:00]} 0-1

[Event "Istanbul Open 2017"]
[Site "Istanbul"]
[Date "2017.09.12"]
[Round "3"]
[White "Aslan, Dogukan"]
[Black "Portakalci, Yusuf"]
[Result "1-0"]
[WhiteElo "1605"]
[BlackElo "1671"]
[Annotator "NA RC"]
[PlyCount "111"]
[EventDate "2017.??.??"]
[EventType "swiss"]
[EventCountry "TUR"]
[SourceTitle "playchess.com"]
[Source "ChessBase"]
[SourceQuality "1"]
[TimeControl "5400+30"]

1. Nf3 Nf6 2. c4 e6 3. g3 b6 4. Bg2 Bb7 5. O-O Be7 6. d4 d6 7. Nbd2 O-O 8. b3 Ne4 9. Bb2 Nxd2 10. Qxd2 Nd7 11. Rfd1 Re8 12. Qc2 Bf6 13. e4 e5 14. dxe5 dxe5 15. c5 bxc5 16. Bh3 Bc6 17. Bxd7 Bxd7 18. Qxc5 Be7 19. Qd5 Bd6 {[%emt 1:00:00]} 20. Nxe5 {[%emt 1:05:00]} Bxe5 {[%emt 0:08:30]} 21. Bxe5 {[%emt 0:01:30]} Bg4 {[%emt 0:00:30]} 22. Qxd8 {[%emt 0:00:30]} Raxd8 {[%emt 0:00:30]} 23. Rxd8 {[%emt 0:00:30]} Rxd8 {[%emt 0:00:30]} 24. Bxc7 {[%emt 0:00:30]} Rd2 {[%emt 0:00:30]} 25. Bf4 {[%emt 0:00:30]} Re2 {[%emt 0:00:30]} 26. Be3 {[%emt 0:01:30]} a6 {[%emt 0:00:30]} 27. Kg2 {[%emt 0:01:30]} f6 {[%emt 0:04:30]} 28. h3 {[%emt 0:00:30]} Be6 {[%emt 0:00:30]} 29. g4 {[%emt 0:00:30]} a5 {[%emt 0:00:30]} 30. Kf3 {[%emt 0:00:30]} Rc2 {[%emt 0:00:30]} 31. Bb6 {[%emt 0:00:30]} a4 {[%emt 0:00:00]} 32. bxa4 {[%emt 0:00:30]} Rxa2 {[%emt 0:00:00]} 33. Rxa2 {[%emt 0:00:30]} Bxa2 {[%emt 0:00:30]} 34. Ke3 {[%emt 0:00:30]} Bc4 {[%emt 0:00:30]} 35. Kd4 {[%emt 0:00:00]} Bf1 {[%emt 0:00:30]} 36. h4 {[%emt 0:00:00]} Kf7 {[%emt 0:00:30]} 37. a5 {[%emt 0:00:30]} Kg6 {[%emt 0:00:30]} 38. f4 {[%emt 0:01:30]} h6 {[%emt 0:01:30]} 39. Bc7 {[%emt 0:00:30]} Be2 {[%emt 0:00:30]} 40. Ke3 {[%emt 0:01:30]} Bb5 {[%emt 0:00:30]} 41. Kd4 {[%emt 0:02:30]} Be2 {[%emt 0:01:30]} 42. Kc5 {[%emt 0:01:30]} Kf7 {[%emt 0:02:30]} 43. Kb6 {[%emt 0:00:30]} Bxg4 {[%emt 0:00:30]} 44. a6 {[%emt 0:01:30]} Bf3 {[%emt 0:00:30]} 45. e5 {[%emt 0:00:30]} fxe5 {[%emt 0:00:30]} 46. Bxe5 {[%emt 0:00:30]} Kg6 {[%emt 0:04:30]} 47. Kc7 {[%emt 0:00:30]} Kf7 {[%emt 0:01:53]} 48. a7 {[%emt 0:00:30]} g6 {[%emt 0:00:14]} 49. Kb8 {[%emt 0:00:00]} Ke6 {[%emt 0:00:33]} 50. Bg7 {[%emt 0:00:00]} g5 {[%emt 0:00:30]} 51. fxg5 {[%emt 0:00:30]} hxg5 {[%emt 0:00:30]} 52. hxg5 {[%emt 0:00:30]} Kf5 {[%emt 0:00:30]} 53. Bf6 {[%emt 0:00:30]} Kg6 {[%emt 0:00:30]} 54. a8=Q {[%emt 0:00:30]} Bxa8 {[%emt 0:00:30]} 55. Kxa8 {[%emt 0:00:30]} Kf5 {[%emt 0:00:30]} 56. Kb7 {[%emt 0:00:30]} 1-0

[Event "Istanbul Open 2017"]
[Site "Istanbul"]
[Date "2017.09.12"]
[Round "3"]
[White "Gultekin, Celal"]
[Black "Elmas, Mustafa"]
[Result "1-0"]
[WhiteElo "1560"]
[BlackElo "1736"]
[Annotator "NA RC"]
[PlyCount "83"]
[EventDate "2017.??.??"]
[EventType "swiss"]
[EventCountry "TUR"]
[SourceTitle "playchess.com"]
[Source "ChessBase"]
[SourceQuality "1"]
[TimeControl "5400+30"]

1. Nf3 d5 2. c4 c6 3. d4 e6 4. Nc3 Nf6 5. e3 Nbd7 6. Bd3 dxc4 7. Bxc4 b5 8. Bd3 Be7 9. O-O Bb7 10. e4 b4 11. e5 bxc3 12. exf6 Bxf6 13. bxc3 O-O 14. Ba3 Re8 15. Bxh7+ Kxh7 16. Qb1+ Kg8 17. Qxb7 Rc8 18. Bd6 c5 19. Ne5 Nxe5 20. dxe5 Be7 21. Rfd1 {[%emt 0:54:30]} Qb6 {[%emt 0:59:00]} 22. Rab1 {[%emt 0:06:30]} Qxb7 {[%emt 0:00:00]} 23. Rxb7 {[%emt 0:00:00]} Bf8 {[%emt 0:03:00]} 24. Rxa7 {[%emt 0:03:00]} Ra8 {[%emt 0:07:30]} 25. Rc7 {[%emt 0:10:30]} Rxa2 {[%emt 0:01:30]} 26. Rxc5 {[%emt 0:02:30]} Rea8 {[%emt 0:02:30]} 27. g3 {[%emt 0:03:30]} Rd8 {[%emt 0:07:30]} 28. Rc4 {[%emt 0:02:30]} Rc2 {[%emt 0:02:30]} 29. Rd3 {[%emt 0:02:12]} g6 {[%emt 0:01:32]} 30. Rcd4 {[%emt 0:04:02]} Rc8 {[%emt 0:08:29]} 31. Bxf8 {[%emt 0:02:34]} Kxf8 {[%emt 0:00:23]} 32. Rd8+ {[%emt 0:00:34]} Rxd8 {[%emt 0:00:06]} 33. Rxd8+ {[%emt 0:00:06]} Ke7 {[%emt 0:00:01]} 34. Rc8 {[%emt 0:00:17]} Kd7 {[%emt 0:02:48]} 35. Rc5 {[%emt 0:00:48]} Ke7 {[%emt 0:01:49]} 36. Kg2 {[%emt 0:01:16]} Kd7 {[%emt 0:00:33]} 37. h4 {[%emt 0:01:03]} Ke7 {[%emt 0:01:40]} 38. Kf3 {[%emt 0:00:19]} f6 {[%emt 0:01:44]} 39. Rc7+ {[%emt 0:02:49]} Kd8 {[%emt 0:00:01]} 40. exf6 {[%emt 0:00:21]} Kxc7 {[%emt 0:02:05]} 41. f7 {[%emt 0:00:10]} Rxc3+ {[%emt 0:00:05]} 42. Kg2 {[%emt 0:00:28]} 1-0

[Event "Istanbul Open 2017"]
[Site "Istanbul"]
[Date "2017.09.13"]
[Round "4"]
[White "Bogdanovich, Stanislav"]
[Black "Bashirli, Nail"]
[Result "1-0"]
[WhiteElo "2593"]
[BlackElo "2352"]
[Annotator "TA"]
[PlyCount "57"]
[EventDate "2017.??.??"]
[EventType "swiss"]
[EventCountry "TUR"]
[SourceTitle "playchess.com"]
[Source "ChessBase"]
[SourceQuality "1"]

{[%evp 22,57,22,15,46,22,22,19,11,15,37,31,33,17,53,29,54,50,73,16,33,0,77,87,109,103,124,121,114,116,119,117,173,172,172,168,258,260]} 1. Nf3 Nf6 2. c4 e6 3. Nc3 d5 4. d4 c5 5. cxd5 cxd4 6. Qa4+ Bd7 7. Qxd4 exd5 8. Bg5 Nc6 {D41: Queen's Gambit Declined: Semi-Tarrasch with 5 cxd5} 9. Qd3 Be6 10. e3 Be7 11. Be2 O-O 12. O-O {LiveBook: 6 Games} a6 (12... Qb6 13. Qb5 Qxb5 14. Nxb5 h6 15. Bh4 g5 16. Bg3 Ne4 17. Nfd4 Nxd4 18. Nxd4 Nxg3 19. hxg3 {½-½ (37) Van Wely,L (2688)-Edouard,R (2664) Eilat 2012}) 13. Rad1 $146 ({Predecessor:} 13. Rfd1 Qb6 14. a3 Rfd8 15. b4 Qc7 16. Rac1 b5 17. Qb1 {0-1 (36) Tan,Z (2487)-Ju,W (2557) China 2015}) 13... Qb6 14. Qb1 Rfd8 15. Nd4 Nxd4 16. Rxd4 h6 17. Bh4 Rd7 18. Rfd1 Rad8 19. Bf3 Qa7 20. R1d2 ({White should try} 20. a4 $16) 20... b5 $1 $11 21. a3 g5 (21... Bc5 $11) 22. Bg3 $16 g4 23. Be2 Ne4 24. Nxe4 dxe4 25. Qxe4 {Be5 is the strong threat.} Rxd4 26. Rxd4 $40 {[%mdl 128] White is out for blood.} Qc5 (26... Rxd4 $16 {might work better.} 27. exd4 Qd7) 27. h3 $18 gxh3 28. Bd3 {[#] Threatening mate with Qh7+.} h2+ (28... Kf8 $142 29. Qh7 Ke8) 29. Kh1 {Precision: White = 66%, Black = 26%.} ({Not} 29. Kxh2 Qh5+ 30. Kg1 Qd1+ 31. Bf1 Rxd4 $11) ({Inferior is} 29. Bxh2 Qc1+ 30. Bf1 Rxd4 $17) 1-0

[Event "Istanbul Open 2017"]
[Site "Istanbul"]
[Date "2017.09.13"]
[Round "4"]
[White "Benidze, Davit"]
[Black "Darban, Morteza"]
[Result "1-0"]
[WhiteElo "2520"]
[BlackElo "2300"]
[Annotator "TA"]
[PlyCount "75"]
[EventDate "2017.??.??"]
[EventType "swiss"]
[EventCountry "TUR"]
[SourceTitle "playchess.com"]
[Source "ChessBase"]
[SourceQuality "1"]

{[%evp 12,75,24,10,43,34,39,19,12,14,22,-7,0,-8,-6,-3,0,-7,3,3,18,22,58,57,63,60,53,56,57,58,60,25,41,0,0,0,51,52,67,66,66,60,75,71,83,68,88,79,87,45,47,0,8,7,0,0,0,0,62,68,55,60,147,108,934,928]} 1. Nf3 b6 2. g3 Bb7 3. Bg2 c5 4. O-O g6 5. d3 Bg7 6. e4 d6 7. Nc3 {LiveBook: 9 Games. A04: Unusual lines after 1 Nf3 and King's Indian Attack} (7. Re1 Nd7 8. Bg5 Bxb2 9. Nbd2 Bxa1 10. Qxa1 f6 11. Be3 e5 12. Nc4 Qc7 13. a4 Ne7 14. Bh6 d5 15. exd5 Bxd5 {1-0 (29) Petrosian,T (2625)-Dubov,D (2661) Berlin 2015}) 7... Nd7 8. Nh4 $146 ({Find the theoretical novelty and annotate with similar games:} 8. Bd2 a6 9. a4 e6 10. Re1 Ne7 11. Qc1 Qc7 12. Bh6 O-O 13. Bxg7 Kxg7 {0-1 (38) De Smet,G-Praet,M Huy 1993}) 8... e5 9. f4 {White is slightly better.} exf4 $1 10. Bxf4 Ne5 11. Nd5 Ne7 12. Bg5 $36 {[%mdl 2048] Black is under pressure.} Bxd5 $1 13. exd5 O-O 14. Qd2 b5 15. Rae1 Qc7 16. Nf3 f6 17. Nxe5 fxe5 18. h4 Rxf1+ 19. Rxf1 Rf8 20. Rxf8+ Bxf8 21. Qf2 Nf5 22. c3 (22. g4 $5 {[%cal Rg4f5]} Ng7 23. Bh6 $11) 22... Be7 23. Bd2 Bd8 (23... Qa5 $11) 24. h5 $14 Qf7 25. Be4 c4 {Threatens to win with ...Bb6.} 26. Qf3 Bb6+ {[#]} 27. Kg2 $1 Qf6 28. Kh3 Kg7 29. dxc4 bxc4 30. Qe2 Bc5 31. Qf3 Ne3 32. Qxf6+ Kxf6 33. hxg6 hxg6 $11 {KBB-KBN} 34. b4 {[%cal Bb2b4,Bb4a5][%mdl 32]} Bb6 (34... Nd1 $11 35. Bc2 Be3) 35. a4 $14 Nd1 $1 {[%cal Rd1f2] [#] Hoping for ...Nf2+.} 36. Kg2 a5 (36... Be3 $1 $14 37. Be1 Nb2) 37. Kf3 Nf2 $2 {[%mdl 8192]} (37... axb4 $16 38. cxb4 Bd4) 38. bxa5 {Precision: White = 53%, Black = 46%.} 1-0

[Event "Istanbul Open 2017"]
[Site "Istanbul"]
[Date "2017.09.13"]
[Round "4"]
[White "Rasulov, Vugar"]
[Black "Shanava, Konstantine"]
[Result "1-0"]
[WhiteElo "2504"]
[BlackElo "2504"]
[Annotator "TA"]
[PlyCount "131"]
[EventDate "2017.??.??"]
[EventType "swiss"]
[EventCountry "TUR"]
[SourceTitle "playchess.com"]
[Source "ChessBase"]
[SourceQuality "1"]

1. d4 {Program Activation Required} d5 2. Nf3 c5 3. dxc5 e6 4. e3 (4. e4 Bxc5 5. Nc3 d4 6. Na4 Qa5+ 7. c3 dxc3 8. Nxc3 Nf6 9. Bd3 Nc6 10. O-O e5 11. Bg5 Be6 12. Bb5 Nd7 {1-0 (32) Yu,Y (2725)-Stupak,K (2561) Baku 2016}) 4... Bxc5 5. c4 Nc6 6. a3 {D02: Damenbauernspiele} a5 7. Nc3 Nge7 8. Be2 O-O 9. O-O b6 10. Qc2 d4 $146 ({Vorgänger:} 10... Ra7 11. Rd1 Rd7 12. cxd5 exd5 {½-½ (44) Lemanczyk,T (2215)-Preuschoff,M (2171) Niederrhein 2005}) 11. exd4 Nxd4 12. Nxd4 Qxd4 13. Bf3 Rb8 14. Nb5 Qf6 15. Bd2 Bd7 16. b4 axb4 17. axb4 Bxb5 18. bxc5 Bc6 19. Bxc6 Nxc6 20. Qe4 Nd4 21. cxb6 Nb3 22. Bb4 Nxa1 23. Bxf8 Kxf8 24. c5 Qc3 25. Qc6 Qe5 26. Rd1 Re8 27. Qb5 Nc2 28. b7 Nd4 29. Qd7 Nb3 30. c6 Nc5 31. Qc8 Na6 32. Qa8 Qb5 33. Ra1 Nc7 34. Qa3+ Kg8 35. Qd6 Qb6 36. h4 h6 37. Qd7 Kh7 38. Qd3+ Kg8 39. Qd7 Kh7 40. h5 Rf8 41. Qc8 Re8 42. Rd1 Qxc6 43. b8=Q Rxc8 44. Qxc8 Qc2 45. Rf1 Qc3 46. Qd7 f6 47. Qf7 Qc2 48. g3 Nb5 49. Qxe6 Nd4 50. Qg4 Nc6 51. Re1 Ne5 52. Qe4+ Qxe4 53. Rxe4 Kg8 54. Kg2 Kf7 55. Ra4 Kf8 56. g4 Nf7 57. Ra8+ Ke7 58. Rg8 Ne5 59. Rxg7+ Kf8 60. Ra7 Nxg4 61. Kg3 Ne5 62. Kf4 Nc6 63. Rb7 Ne7 64. Rxe7 Kxe7 65. Kf5 Kf7 66. f3 1-0

[Event "Istanbul Open 2017"]
[Site "Istanbul"]
[Date "2017.09.13"]
[Round "4"]
[White "Petrov, Marian"]
[Black "Abasov, Nijat"]
[Result "1/2-1/2"]
[WhiteElo "2470"]
[BlackElo "2575"]
[Annotator "TA"]
[PlyCount "49"]
[EventDate "2017.??.??"]
[EventType "swiss"]
[EventCountry "TUR"]
[SourceTitle "playchess.com"]
[Source "ChessBase"]
[SourceQuality "1"]

{[%evp 18,49,7,5,16,21,34,41,37,28,37,27,35,31,41,28,33,32,48,27,30,43,42,14,16,12,12,12,13,12,24,16,14,0]} 1. e4 e6 2. d4 d5 3. Nc3 Nf6 4. e5 Nfd7 5. f4 c5 6. Nf3 Nc6 7. Be3 a6 8. Qd2 b5 9. Be2 Be7 {C11: French: Classical System: 4 e5 and 4 Bg5 dxe4} 10. O-O {LiveBook: 21 Games} Qc7 (10... O-O 11. a3 Bb7 12. Nd1 f6 13. c3 Rc8 14. Bd3 Na5 15. Qe2 fxe5 16. fxe5 cxd4 17. cxd4 {1-0 (38) Grischuk,A (2761)-Caruana,F (2808) Paris 2017}) 11. Nd1 {[%cal Bc3d1,Bd1f2,Bf2d3][%mdl 32]} cxd4 12. Nxd4 Nc5 13. Nf2 Bb7 $146 ({Predecessor:} 13... O-O 14. c3 Bd7 15. Rae1 Rac8 16. Bd1 Nxd4 17. Bxd4 {1-0 (30) Roj,M (2180)-Hadzala,D Czechia 1998}) 14. Nxc6 Qxc6 15. Bd4 O-O 16. Qe3 Rac8 17. c3 Ne4 18. Nd3 a5 19. a3 Qd7 20. Bf3 Ra8 21. Rad1 Rfc8 22. Rfe1 Qc6 23. Rc1 Qc4 24. Be2 Qc6 25. Bf3 {Precision: White = 67%, Black = 58%.} 1/2-1/2

[Event "Istanbul Open 2017"]
[Site "Istanbul"]
[Date "2017.09.13"]
[Round "4"]
[White "Markidis, Konstantinos"]
[Black "Ozsakallioglu, Okan"]
[Result "1-0"]
[WhiteElo "2350"]
[BlackElo "1926"]
[Annotator "TA"]
[PlyCount "145"]
[EventDate "2017.??.??"]
[EventType "swiss"]
[EventCountry "TUR"]
[SourceTitle "playchess.com"]
[Source "ChessBase"]
[SourceQuality "1"]

{[%evp 9,145,10,24,13,28,21,43,45,55,63,74,25,71,13,14,14,23,27,34,16,41,32,37,29,44,46,83,61,68,41,41,24,20,23,68,65,59,66,69,69,62,70,45,43,86,85,127,43,79,56,58,0,0,0,0,0,0,-7,0,-25,-23,-74,-52,-96,-30,-30,5,-43,-40,-67,-18,-7,10,-55,0,0,36,-123,-124,-197,-182,-185,0,0,0,0,0,0,0,0,0,0,0,-122,-26,-206,-194,-191,-109,-91,-59,-62,-29,-54,-25,-96,-8,-8,8,8,8,8,8,8,8,8,8,8,19,20,56,56,56,56,75,79,99,88,148,148,148,148,389,385,589,599,590,587]} 1. e4 c5 2. Nf3 d6 3. Bb5+ Nd7 4. c3 Ngf6 5. Bd3 e6 6. Bc2 {B51: Sicilian: Moscow Variation (3 Bb5+) without 3...Bd7} b6 $146 ({Predecessor:} 6... b5 7. d4 Bb7 8. Nbd2 Be7 9. O-O cxd4 10. cxd4 O-O 11. Re1 Rc8 12. Nf1 e5 {1-0 (38) Eljanov,P (2759)-Salem,A (2656) Sharjah 2017}) 7. O-O Bb7 8. Re1 {White is slightly better.} Qc7 9. d4 Be7 10. Nbd2 (10. d5 $5) 10... Rc8 11. Bd3 (11. e5 $16) 11... O-O $11 12. Nf1 Rfe8 (12... b5 $5) 13. Ng3 Bf8 14. h3 g6 15. Bg5 Bg7 16. Qd2 cxd4 17. cxd4 e5 18. d5 a6 19. Nh2 Nc5 20. Bf1 Qd7 21. f3 Rc7 22. Ng4 Nxg4 23. hxg4 Rec8 24. b3 a5 25. Be3 Bf6 26. Nh1 Rf8 27. Rab1 Bd8 28. g5 (28. b4 $16 axb4 29. Rxb4) 28... Rc8 29. Rec1 h6 30. b4 (30. gxh6 $14 f5 31. Nf2) 30... axb4 31. Rxb4 hxg5 32. Bxg5 f6 33. Be3 f5 34. Bb5 Qh7 35. g3 (35. Nf2 $11) 35... Ra8 36. Nf2 f4 ({Better is} 36... fxe4 $17 37. fxe4 Ra3) 37. gxf4 exf4 38. Bd4 {next Kg2 is good for White.} Qh5 39. Qe2 Ra3 40. Rc3 $132 {[%mdl 2048] White is not keeping still} Qg5+ 41. Kf1 (41. Ng4 $11 Rxc3 42. Bxc3) 41... Rxc3 (41... Ra7 $15) 42. Bxc3 Rf7 {[%cal Bf8f7,Bf7h7,Bh7h2][%mdl 32]} 43. Ke1 $2 {[#]} (43. e5 $14) 43... Rh7 $1 $17 44. Kd2 (44. Kd1 $17) 44... Rh2 $19 {...Qg1 is the strong threat.} 45. Rb1 Qg3 $2 (45... Bf6 $19 46. Bxf6 Qxf6) 46. Rf1 $11 Bh4 {[%cal Rh2f2]} 47. Bd4 Qg5 48. Kc1 Qe7 49. Kb1 g5 50. Qd1 {Threatens to win with Ng4.} Bc8 51. Bd3 (51. Rh1 $11 {remains equal.} Rxh1 52. Qxh1) 51... Bd7 ({Black should play} 51... Qa7 $17 {Hoping for ...Qa5.} 52. Bc4 Qa5) 52. Qe2 $2 (52. Bc2 $1 $11 {and White is okay.}) 52... Qe8 $19 53. Bc4 {[#]} g4 $1 {[%mdl 512]} 54. fxg4 $17 (54. Nxg4 Rxe2) 54... Bxf2 (54... Qg6 {keeps more tension.} 55. Qf3 Bxf2 56. Rxf2 Rxf2 57. Qxf2 Qxe4+ 58. Kb2 Kf7) 55. Rxf2 Rxf2 56. Bxf2 Qxe4+ 57. Kc1 (57. Kb2 $1 $11) 57... Qxe2 (57... Qh1+ $17 58. Qd1 Qh3) 58. Bxe2 {[%mdl 4096] Endgame KBB-KBN} Kg7 59. Bh4 Ne4 60. Bf3 Nf6 61. Bg5 Nxg4 62. Bxf4 Ne5 {aiming for ...Nd3+.} 63. Be2 Kf6 64. Kd2 Kf5 65. Ke3 Bc8 66. Bg3 Bd7 67. Kd4 Nf7 68. Bd3+ Kf6 (68... Kg4 $142 69. Be1 Kg5) 69. Bh4+ $16 Kg7 70. Be7 Nh6 $2 (70... Ba4 $16 {was called for.} 71. Be2 Bd7) 71. Bxd6 $18 Kf7 (71... Kf6 $142 72. Be5+ Ke7) 72. Bc7 Nf5+ 73. Ke5 {Precision: White = 54%, Black = 35%.} 1-0

[Event "Istanbul Open 2017"]
[Site "Istanbul"]
[Date "2017.09.13"]
[Round "4"]
[White "Citak, Selim"]
[Black "Guseynov, Alihan"]
[Result "1/2-1/2"]
[WhiteElo "2318"]
[BlackElo "2333"]
[Annotator "TA"]
[PlyCount "63"]
[EventDate "2017.??.??"]
[EventType "swiss"]
[EventCountry "TUR"]
[SourceTitle "playchess.com"]
[Source "ChessBase"]
[SourceQuality "1"]

1. d4 {Program Activation Required} Nf6 2. c4 e6 3. Nf3 c5 4. d5 b5 5. Bg5 b4 6. a3 {E10: Blumenfeld-Gambit} h6 7. Bxf6 Qxf6 8. Qc2 d6 $146 ({Vorgänger:} 8... Na6 9. e4 e5 10. Nbd2 g6 11. g3 Bg7 12. Bh3 O-O 13. O-O Rb8 {1-0 (32) Bluebaum,M (2530)-Oleksienko,M (2618) Bad Wiessee 2014}) 9. axb4 cxb4 10. Nbd2 Be7 11. dxe6 Qxe6 12. Nd4 Qd7 13. e3 Bb7 14. Bd3 O-O 15. O-O Nc6 16. Nxc6 Bxc6 17. Bh7+ Kh8 18. Be4 Bxe4 19. Nxe4 a5 20. b3 a4 21. Rxa4 Rxa4 22. bxa4 Qc6 23. Nd2 Ra8 24. Ra1 Bf6 25. Ra2 Bc3 26. Qb3 Bxd2 27. Rxd2 Qxa4 28. Qxa4 Rxa4 29. g3 Ra1+ 30. Kg2 Rc1 31. Rxd6 Rxc4 32. Rb6 1/2-1/2

[Event "Istanbul Open 2017"]
[Site "Istanbul"]
[Date "2017.09.13"]
[Round "4"]
[White "Nuri, Murad"]
[Black "Maghalashvili, Davit"]
[Result "1/2-1/2"]
[WhiteElo "2285"]
[BlackElo "2512"]
[Annotator "TA"]
[PlyCount "53"]
[EventDate "2017.??.??"]
[EventType "swiss"]
[EventCountry "TUR"]
[SourceTitle "playchess.com"]
[Source "ChessBase"]
[SourceQuality "1"]

{[%evp 22,53,51,44,44,44,40,40,40,49,56,47,62,52,59,39,40,37,35,40,50,23,41,45,45,44,40,45,40,43,48,31,39,34]} 1. e4 c5 2. Nf3 d6 3. d4 cxd4 4. Nxd4 Nf6 5. Nc3 Nc6 6. Bg5 e6 7. Qd2 Qb6 8. O-O-O {B63: Sicilian: Richter-Rauzer: 7...Be7 and unusual Black 7th moves} (8. Bxf6 gxf6 9. Nb3 Bd7 10. Be2 h5 11. O-O Be7 12. Nb5 Ne5 13. a4 a6 14. a5 Qc6 15. N3d4 Qc8 16. Nc3 Nc4 17. Bxc4 Qxc4 {1-0 (41) Bruzon Batista,L (2615)-Quesada Perez,Y (2533) Villahermosa 2016}) 8... Qxd4 9. Qxd4 Nxd4 10. Rxd4 a6 11. Bxf6 gxf6 12. Na4 {LiveBook: 8 Games} Bd7 13. Nb6 Rd8 14. Nxd7 Rxd7 15. Be2 Ke7 16. Rhd1 $146 Bh6+ 17. Kb1 Rc8 18. g3 Bg7 19. Rb4 Rc5 20. f4 Rdc7 21. Rd2 b5 22. c3 {White is slightly better.} f5 23. exf5 Rxf5 24. a4 (24. Bd3 $5 {[%cal Rd3f5]} Rd5 25. Kc2 $14) 24... bxa4 25. Rxa4 a5 26. Bd3 Rd5 {next ...Bxc3! is good for Black.} 27. Kc2 {Precision: White = 61%, Black = 74%.} 1/2-1/2

[Event "Istanbul Open 2017"]
[Site "Istanbul"]
[Date "2017.09.13"]
[Round "4"]
[White "Karaokcu, Erkin"]
[Black "Yasin, Hur"]
[Result "1-0"]
[WhiteElo "2206"]
[BlackElo "1929"]
[Annotator "TA"]
[PlyCount "65"]
[EventDate "2017.??.??"]
[EventType "swiss"]
[EventCountry "TUR"]
[SourceTitle "playchess.com"]
[Source "ChessBase"]
[SourceQuality "1"]

1. Nf3 {Program Activation Required} Nf6 2. c4 d5 3. cxd5 Nxd5 4. e4 Nb6 5. d4 g6 6. h3 Bg7 7. Nc3 O-O 8. Be2 Nc6 9. Be3 e5 10. d5 Ne7 11. O-O f5 {D70: Grünfeldindisch (Abweichung im 3. Zug)} 12. Qb3 Kh8 13. Ng5 h6 14. Ne6 Bxe6 15. dxe6 c6 $146 ({Vorgänger:} 15... Nec8 16. Rfd1 Nd6 17. a4 Qh4 18. a5 Nbc8 19. exf5 gxf5 20. Nd5 f4 21. Nxf4 Ne7 22. g3 Qf6 23. Bd3 {1-0 (23) Mirzoev,A (2550)-Koziol,K (2090) Rewal 2014}) 16. f3 Nec8 17. Bc5 Re8 18. Rfd1 Qf6 19. a4 Rb8 20. a5 Na8 21. Rd7 b5 22. Rad1 Bf8 23. Be3 Be7 24. f4 c5 25. exf5 gxf5 26. Bh5 c4 27. Qc2 Rf8 28. Bf7 Rxf7 29. exf7 Qxf7 30. Nd5 e4 31. Qc3+ Kg8 32. Qe5 Bd6 33. Nf6+ 1-0